000 01020cam a2200205 4500
001 WB3821-21
008 020612n2002 000 0 eng u
035 _a(Sirsi) u118386
245 _aCouncil tax bandings on web
260 _c2002
490 _aInland Revenue Press Release
_v 10 June 2002, (1)
520 _aThe Valuation Officice Agency (VAO) has published all council tax bandings in England and Wales on its website. Council tax payers will be able to locate the banding for their own and other properties and make appeals online within statutory time limits. The database is available at http://www.voa.gov.uk / http://www.nds.coi.gov.uk/coi/coipress.nsf/1da827e79df1aaf98025673500583789/9553079eda22b7a580256bd40058abf2?OpenDocument
590 _aWB
650 _aCOUNCIL TAX
650 _aVALUATION OFFICE AGENCY
650 _aCOUNCIL TAX APPEALS
650 _aCOUNCIL TAX BANDINGS
690 _aRATING AND LOCAL TAXATION
942 _n0
999 _c70467
_d70467